zpět

Detail výsledku týmu

Bounty Rock Cafe, Olomouc

Datum a čas kvízu

18.5 Celkem bodů Celkový počet nahraných bodů na tomto kvízu bez doplňovacích otázek.
12. Pořadí na kvízu Konečné umístění týmu na tomto kvízu.

Zaznamenané odpovědi

# Otázka Odpověď Body Výsledky
1. Již pátým rokem je jistá obec... Hněvotín 0
2. V Saúdské Arábii byla ve střed... havarijní pojištění 0
3. Ve čtvrtek vstoupil do českých... Vyšehrad: Fylm 1
4. Vítězem prestižních anket Svět... Hyundai Ioniq (5) 0.5
5. Jubilejní zápas v historii čes... 2000. zápas 0
6. V dalším díle této tematické s... šáchor 0
7. Damani jsou malí savci obývají... A) slon 0
8. Tato kočkovitá šelma střední... karakal 1
9. Tato rostlina je významná hlav... kadidlo 0
10. Tento obyvatel subsaharské Afr... hrabáč 0